[Event "Futurity III"]
[Site "Montreal CAN"]
[Date "2003.04.16"]
[Round "1"]
[White "Duong, Thanh Nha"]
[Black "Quan Zhe"]
[Result "1/2-1/2"]
[WhiteElo "2371"]
[BlackElo "2610"]
[PlyCount "148"]
[EventDate "2003.04.16"]
[EventType "tourn"]
[EventRounds "9"]
[EventCountry "CAN"]

1. d4 Nf6 2. c4 g6 3. Nc3 Bg7 4. e4 d6 5. Be2 O-O 6. Bg5 Nbd7 7. Qd2 c6 8. Bf3
Qc7 9. Rc1 a5 10. b3 e5 11. d5 Nc5 12. Nge2 Bd7 13. O-O cxd5 14. Bxf6 Bxf6 15.
Nxd5 Qd8 16. Nxf6+ Qxf6 17. Rfd1 Ra6 18. Nc3 Ne6 19. Bg4 Kg7 20. Bxe6 Qxe6 21.
Nb5 Bxb5 22. cxb5 Raa8 23. Qxd6 Qxd6 24. Rxd6 Rac8 25. Rcd1 Rc2 26. R6d2 Rfc8
27. Kf1 R8c5 28. a4 Rxd2 29. Rxd2 Rc3 30. Rb2 f5 31. Ke2 Kf6 32. Kd2 Rc7 33.
Rc2 Rd7+ 34. Ke3 Ke6 35. f3 Rd4 36. Rc7 Rb4 37. Rc3 fxe4 38. fxe4 h6 39. h4 h5
40. Kf3 Kf6 41. Rd3 Ke6 42. g3 Ke7 43. Ke3 Ke6 44. Rc3 Kd6 45. Kf3 Ke6 46. Kg2
Kd7 47. Rf3 Rxe4 48. Rf7+ Kc8 49. Rf6 Rg4 50. Re6 e4 51. Re7 b6 52. Re6 Kc7 53.
Rc6+ Kb7 54. Rc4 Kb8 55. Rd4 Kc7 56. Rd5 Kc8 57. Rd6 Kc7 58. Rc6+ Kb7 59. Re6
Kc7 60. Rf6 Kb7 61. Rf7+ Kc8 62. Re7 Kb8 63. Re5 Kc8 64. Re6 Kc7 65. Rf6 Kb7
66. Rf4 e3 67. Kf3 e2 68. Rf7+ Kc8 69. Re7 Rb4 70. Rxe2 Rxb3+ 71. Kf4 Rb4+ 72.
Re4 Rxe4+ 73. Kxe4 Kd8 74. Kf4 Ke8 1/2-1/2

[Event "Futurity III"]
[Site "Montreal CAN"]
[Date "2003.04.17"]
[Round "2"]
[White "Voskanyan, Vahagn"]
[Black "Duong, Thanh Nha"]
[Result "0-1"]
[WhiteElo "2303"]
[BlackElo "2371"]
[PlyCount "122"]
[EventDate "2003.04.16"]
[EventType "tourn"]
[EventRounds "9"]
[EventCountry "CAN"]

1. Nf3 Nf6 2. c4 e6 3. g3 d5 4. Bg2 Be7 5. b3 O-O 6. Bb2 c6 7. O-O a5 8. Qc2
Nbd7 9. d3 a4 10. Nbd2 a3 11. Bc3 b5 12. cxb5 cxb5 13. b4 Bb7 14. Rac1 Qb8 15.
Nb3 Ra4 16. Qd2 e5 17. e3 Bd6 18. Nc5 Bxc5 19. bxc5 Bc6 20. Bb4 Qb7 21. Nh4 g6
22. Rb1 d4 23. e4 Nh5 24. Bh3 Nb8 25. Qh6 Ng7 26. f4 exf4 27. gxf4 f6 28. Rf2
Na6 29. Rg2 Rxb4 30. Rxb4 Nxb4 31. Nxg6 hxg6 32. Rxg6 f5 33. Qg5 Nxd3 34. Bxf5
Rxf5 35. exf5 Be8 36. c6 Qf7 37. Kf1 Nxf4 38. Qxf4 Qc4+ 39. Kg1 Bxg6 40. fxg6
Ne8 41. Qh6 Nf6 42. g7 Kf7 43. g8=Q+ Nxg8 44. Qh7+ Kf6 45. Qh4+ Kg7 46. Qg5+
Kf7 47. Qh5+ Ke7 48. Qe5+ Qe6 49. Qxd4 Qg6+ 50. Kf2 Qc2+ 51. Kg3 Qg6+ 52. Kf2
Qf6+ 53. Ke3 Qe6+ 54. Kd3 Qh3+ 55. Kc2 Qxh2+ 56. Kb3 Qb2+ 57. Qxb2 axb2 58.
Kxb2 Nf6 59. Kc3 Nd5+ 60. Kd4 Kd6 61. c7 Nxc7 0-1

[Event "Futurity III"]
[Site "Montreal CAN"]
[Date "2003.04.18"]
[Round "3"]
[White "Duong, Thanh Nha"]
[Black "Rousseau, Daniel"]
[Result "1-0"]
[WhiteElo "2371"]
[BlackElo "2065"]
[PlyCount "65"]
[EventDate "2003.04.16"]
[EventType "tourn"]
[EventRounds "9"]
[EventCountry "CAN"]

1. b3 e5 2. Bb2 d6 3. e3 Nc6 4. g3 g6 5. Bg2 Bg7 6. Ne2 Nf6 7. d4 O-O 8. O-O
Re8 9. c4 Bg4 10. d5 Ne7 11. e4 Qd7 12. Nd2 Bh3 13. Qc2 c6 14. Qd3 Bxg2 15.
Kxg2 c5 16. h3 Nh5 17. g4 Nf4+ 18. Nxf4 exf4 19. Bxg7 Kxg7 20. g5 f6 21. gxf6+
Kxf6 22. Qc3+ Kf7 23. e5 dxe5 24. Qxe5 Qf5 25. Nf3 h6 26. Rfe1 Rad8 27. Qc7 Qc8
28. Qxf4+ Nf5 29. Nh4 Qb8 30. Qg4 Rc8 31. Kh1 Nd4 32. Re4 Qd6 33. Rf4+ 1-0

[Event "Futurity III"]
[Site "Montreal CAN"]
[Date "2003.04.19"]
[Round "4"]
[White "Lawson, Eric"]
[Black "Duong, Thanh Nha"]
[Result "0-1"]
[WhiteElo "2249"]
[BlackElo "2371"]
[PlyCount "120"]
[EventDate "2003.04.16"]
[EventType "tourn"]
[EventRounds "9"]
[EventCountry "CAN"]

1. d4 c5 2. e4 cxd4 3. Nf3 Nc6 4. Nxd4 Nf6 5. Nc3 d6 6. Bc4 Qb6 7. Nde2 a6 8.
Be3 Qc7 9. Bd3 g6 10. O-O Bg7 11. h3 O-O 12. Na4 b5 13. Nb6 Rb8 14. Nxc8 Rfxc8
15. Qd2 Ne5 16. f3 d5 17. exd5 Nxd5 18. Bd4 Nxd3 19. cxd3 Bxd4+ 20. Nxd4 Qb6
21. Qf2 Nb4 22. Rad1 Rd8 23. a3 Rxd4 24. axb4 Rxb4 25. Qxb6 Rxb6 26. Rd2 Rd6
27. Kf2 Kg7 28. Rc1 a5 29. Rc7 Kf6 30. Ke3 e5 31. Rdc2 Rbd4 32. Rd2 a4 33. Rc5
Rb4 34. Rdc2 Rb3 35. R5c3 Rxc3 36. bxc3 Ra6 37. Rb2 Ra5 38. f4 exf4+ 39. Kxf4
Ke6 40. Re2+ Kd6 41. g4 f6 42. Ra2 Kc5 43. Ke4 a3 44. Ra1 a2 45. Ke3 b4 46. Kd2
Kb5 47. cxb4 Kxb4 48. Kc2 Rc5+ 49. Kd2 Ra5 50. Kc2 f5 51. gxf5 gxf5 52. Kb2 f4
53. h4 h5 54. Kc2 Kc5 55. Kb2 f3 56. d4+ Kc4 57. Rc1+ Kxd4 58. Ra1 f2 59. Rd1+
Ke3 60. Rc1 Rf5 0-1

[Event "Futurity III"]
[Site "Montreal CAN"]
[Date "2003.04.22"]
[Round "6"]
[White "Gilman, Arkadiy"]
[Black "Duong, Thanh Nha"]
[Result "1/2-1/2"]
[WhiteElo "2202"]
[BlackElo "2371"]
[PlyCount "103"]
[EventDate "2003.04.16"]
[EventType "tourn"]
[EventRounds "9"]
[EventCountry "CAN"]

1. d4 f5 2. g3 Nf6 3. Bg2 e6 4. c4 d5 5. Nf3 c6 6. O-O Bd6 7. b3 Qe7 8. Bb2 b6
9. Qc2 O-O 10. Ne5 Bb7 11. Nd2 Rc8 12. Rac1 Na6 13. Qb1 g6 14. Qa1 Ne4 15. Rfd1
Rc7 16. Nd3 Rf8 17. a3 c5 18. e3 g5 19. f3 Nxd2 20. Rxd2 dxc4 21. bxc4 f4 22.
gxf4 gxf4 23. e4 cxd4 24. Bxd4 Qg5 25. Kh1 Kf7 26. Bh3 Qh4 27. Bg4 Ke7 28. Bg7
Rd8 29. Ne1 Nc5 30. Ng2 Qg5 31. e5 Bxe5 32. Qxe5 Qxe5 33. Bxe5 Rxd2 34. Bxc7
Nd3 35. Bxf4 Ra2 36. Bg5+ Kf7 37. Bh5+ Kg7 38. Rf1 Nf2+ 39. Rxf2 Rxf2 40. Kg1
Ra2 41. Nf4 Bc8 42. Be7 Rc2 43. Be8 Rxc4 44. Nh5+ Kg8 45. Nf6+ Kg7 46. Nh5+ Kh8
47. Kf2 Kg8 48. Nf6+ Kg7 49. Nh5+ Kg8 50. Nf6+ Kh8 51. Nh5 Kg8 52. Nf6+ 1/2-1/2

[Event "Futurity III"]
[Site "Montreal CAN"]
[Date "2003.04.24"]
[Round "8"]
[White "Duong, Thanh Nha"]
[Black "Burnett, Ronald"]
[Result "0-1"]
[WhiteElo "2371"]
[BlackElo "2449"]
[PlyCount "92"]
[EventDate "2003.04.16"]
[EventType "tourn"]
[EventRounds "9"]
[EventCountry "CAN"]

1. d4 e6 2. Nf3 b6 3. e4 Bb7 4. Bd3 c5 5. c3 Nf6 6. Qe2 Be7 7. O-O Nc6 8. a3
Na5 9. Nbd2 c4 10. Bc2 b5 11. Re1 Qc7 12. Rb1 a6 13. g3 d6 14. a4 e5 15. Nf1
O-O 16. d5 Bc8 17. Ne3 g6 18. Ng2 Bd7 19. axb5 axb5 20. Bg5 Rfe8 21. Qd2 Nb7
22. Nfh4 Nc5 23. f4 exf4 24. Qxf4 Nh5 25. Qd2 Bxg5 26. Qxg5 Qd8 27. Qxd8 Raxd8
28. Nf3 Nf6 29. e5 dxe5 30. Rxe5 Rxe5 31. Nxe5 Nxd5 32. Rd1 Nf6 33. Rd6 Kg7 34.
Rb6 Be8 35. Ne1 Nd5 36. Nc6 Rd6 37. Rxb5 Rxc6 38. Nf3 Rc8 39. Ra5 Ne3 40. Bb1
Na4 41. Re5 Nd1 42. Bc2 Ndxb2 43. Re3 Nd3 44. Rxe8 Rxe8 45. Bxa4 Re3 46. Nd4
Nb2 0-1

[Event "Mauricie op"]
[Site "Shawinigan CAN"]
[Date "2003.03.21"]
[Round "1"]
[White "Robichaud, Louis"]
[Black "Duong, Thanh Nha"]
[Result "0-1"]
[WhiteElo "2058"]
[BlackElo "2378"]
[PlyCount "46"]
[EventDate "2003.03.21"]
[EventType "swiss"]
[EventRounds "5"]
[EventCountry "CAN"]

1. e4 c6 2. d3 d5 3. Nd2 e5 4. Ngf3 Nd7 5. g3 Ngf6 6. Bg2 Bc5 7. O-O O-O 8. c3
Bb6 9. b4 a5 10. a3 Re8 11. Bb2 Ba7 12. c4 d4 13. h3 g6 14. Nh2 Nh5 15. Nb3 Bb6
16. Nc1 Bc7 17. Ne2 Nf8 18. Qd2 Ne6 19. f4 exf4 20. gxf4 axb4 21. axb4 Rxa1 22.
Bxa1 Nhxf4 23. Nxd4 Nxd4 0-1

[Event "Mauricie op"]
[Site "Shawinigan CAN"]
[Date "2003.03.21"]
[Round "2"]
[White "Duong, Thanh Nha"]
[Black "Caceres Cortes, Julio"]
[Result "1-0"]
[WhiteElo "2383"]
[BlackElo "2054"]
[PlyCount "71"]
[EventDate "2003.03.21"]
[EventType "swiss"]
[EventRounds "5"]
[EventCountry "CAN"]

1. d4 Nf6 2. c4 e6 3. Nf3 d5 4. Bg5 c6 5. e3 a6 6. cxd5 exd5 7. Bd3 Be7 8. Nc3
O-O 9. Qc2 Nbd7 10. h3 Re8 11. Bf4 Nf8 12. O-O-O Qa5 13. Kb1 Be6 14. Nd2 Ng6
15. Bh2 b5 16. g4 Bb4 17. Nb3 Qd8 18. g5 Ne4 19. Nxe4 dxe4 20. Bxe4 Qxg5 21.
Bg3 Bd5 22. Bxd5 cxd5 23. h4 Qh5 24. Nc5 Rac8 25. a3 Ba5 26. Qd3 Rc6 27. Rc1 h6
28. Nb7 Rxc1+ 29. Rxc1 Bb6 30. Rc6 Re6 31. Rc8+ Kh7 32. Nd6 Rf6 33. Rf8 Qf3 34.
Be5 Bc7 35. Bxf6 Bxd6 36. Rxf7 1-0

[Event "Mauricie op"]
[Site "Shawinigan CAN"]
[Date "2003.03.22"]
[Round "3"]
[White "Krayushkin, Victor"]
[Black "Duong, Thanh Nha"]
[Result "0-1"]
[WhiteElo "2136"]
[BlackElo "2383"]
[PlyCount "100"]
[EventDate "2003.03.21"]
[EventType "swiss"]
[EventRounds "5"]
[EventCountry "CAN"]

1. c4 Nf6 2. Nc3 c5 3. g3 e6 4. Bg2 Nc6 5. e3 d5 6. cxd5 Nxd5 7. Nxd5 exd5 8.
Qb3 c4 9. Qb5 Be6 10. Ne2 a6 11. Qa4 b5 12. Qd1 Nb4 13. O-O Bd6 14. Nd4 O-O 15.
Nxe6 fxe6 16. d4 Bb8 17. f4 Ba7 18. g4 g5 19. f5 Qd6 20. Qf3 Rad8 21. f6 Rd7
22. Bd2 Nd3 23. Rab1 Rdf7 24. Be1 Nxe1 25. Rbxe1 Bb8 26. Qh3 Rxf6 27. Qh5 h6
28. Rxf6 Rxf6 29. Rf1 Rxf1+ 30. Kxf1 Kg7 31. Qe8 Bc7 32. h3 Bd8 33. Ke2 Bf6 34.
a3 e5 35. Qa8 e4 36. Qc8 Bd8 37. Qf5 Bf6 38. Qc8 Be7 39. Qf5 Qc6 40. Kd2 a5 41.
Qe5+ Kf7 42. Bf1 b4 43. axb4 axb4 44. Qb8 Qa6 45. Qe5 Qc6 46. Qb8 Bd6 47. Qh8
c3+ 48. bxc3 bxc3+ 49. Ke1 Bg3+ 50. Kd1 Qa4+ 0-1

[Event "Mauricie op"]
[Site "Shawinigan CAN"]
[Date "2003.03.23"]
[Round "4"]
[White "Duong, Thanh Nha"]
[Black "Bolduc, Steve"]
[Result "1-0"]
[WhiteElo "2383"]
[BlackElo "2303"]
[PlyCount "69"]
[EventDate "2003.03.21"]
[EventType "swiss"]
[EventRounds "5"]
[EventCountry "CAN"]

1. d4 Nf6 2. c4 c5 3. d5 b5 4. cxb5 a6 5. bxa6 g6 6. Nc3 Bxa6 7. e4 Bxf1 8.
Kxf1 d6 9. Nf3 Bg7 10. h3 Nbd7 11. Kg1 O-O 12. Kh2 Ra6 13. Re1 Qa8 14. Re2 e6
15. Bf4 exd5 16. exd5 Rb8 17. Qd2 Nh5 18. Bh6 Ne5 19. Nxe5 Bxe5+ 20. f4 Bd4 21.
Rae1 Rab6 22. b3 Nf6 23. g4 Rc8 24. g5 Nh5 25. Re4 Rb4 26. Qe2 f5 27. gxf6 Bxf6
28. Nb5 Ng7 29. Nxd6 Rd8 30. Ne8 Bc3 31. Bxg7 Bxe1 32. Nf6+ Kxg7 33. Re7+ Kf8
34. Nxh7+ Kg8 35. Qe6+ 1-0

[Event "Carnaval 2003"]
[Site "Quebec CAN"]
[Date "2003.02.14"]
[Round "1"]
[White "Duong, Thanh Nha"]
[Black "Moisan-Plante, Marc-Olivier"]
[Result "1-0"]
[WhiteElo "2366"]
[BlackElo "2088"]
[PlyCount "60"]
[EventDate "2003.02.14"]
[EventType "swiss"]
[EventRounds "5"]
[EventCountry "CAN"]

1. Nf3 d5 2. d4 Nf6 3. c4 e6 4. Nc3 c6 5. cxd5 exd5 6. Bg5 Nbd7 7. e3 Bd6 8.
Bd3 Nf8 9. O-O Ng6 10. Re1 Be6 11. e4 Be7 12. Bxf6 Bxf6 13. exd5 cxd5 14. Qa4+
Kf8 15. Qb4+ Ne7 16. Qxb7 g6 17. Nb5 Qb8 18. Qa6 Kg7 19. Rac1 Rc8 20. Rxc8 Qxc8
21. Qd6 Qd8 22. Qf4 Rc8 23. h4 h6 24. Ne5 Bf5 25. Bxf5 Nxf5 26. h5 Rc2 27. hxg6
fxg6 28. Qg4 Bxe5 29. Rxe5 Qb8 30. Nc3 Rxb2 1-0

[Event "Carnaval 2003"]
[Site "Quebec CAN"]
[Date "2003.02.15"]
[Round "2"]
[White "Leriche, Felix"]
[Black "Duong, Thanh Nha"]
[Result "0-1"]
[WhiteElo "2133"]
[BlackElo "2366"]
[PlyCount "40"]
[EventDate "2003.02.14"]
[EventType "swiss"]
[EventRounds "5"]
[EventCountry "CAN"]

1. e4 c6 2. d4 g6 3. c4 d5 4. e5 Bg7 5. Nc3 a6 6. Qf3 Be6 7. cxd5 cxd5 8. Bd3
Nc6 9. Nge2 Qa5 10. Be3 Bxe5 11. O-O-O Bg7 12. Nf4 Nf6 13. Nxe6 fxe6 14. Qh3
Kf7 15. Rhe1 Rac8 16. Bg5 Nxd4 17. Qe3 Rxc3+ 18. bxc3 Qxc3+ 19. Kb1 Qb4+ 20.
Ka1 Nc2+ 0-1

[Event "Carnaval 2003"]
[Site "Quebec CAN"]
[Date "2003.02.16"]
[Round "5"]
[White "Duong, Thanh Nha"]
[Black "Beaulieu, Eric"]
[Result "0-1"]
[WhiteElo "2366"]
[BlackElo "2177"]
[PlyCount "106"]
[EventDate "2003.02.14"]
[EventType "swiss"]
[EventRounds "5"]
[EventCountry "CAN"]

1. Nf3 Nf6 2. c4 c5 3. Nc3 Nc6 4. d4 cxd4 5. Nxd4 e6 6. Ndb5 d6 7. Bf4 e5 8.
Bg5 a6 9. Na3 Qa5 10. Bxf6 gxf6 11. Qd2 Be6 12. e4 Nd4 13. Bd3 Rg8 14. f3 Bh3
15. Bf1 Rg6 16. Nc2 Bh6 17. Qf2 Nxc2+ 18. Qxc2 Be6 19. Qf2 Rc8 20. Rd1 Ke7 21.
a3 b5 22. Be2 bxc4 23. O-O Qc5 24. Qxc5 Rxc5 25. Kf2 Rg8 26. Rb1 f5 27. Rfd1
fxe4 28. fxe4 f5 29. Bf3 fxe4 30. Nxe4 Rc6 31. Nf6 Rb6 32. Nxg8+ Bxg8 33. h4
Rb3 34. Re1 Bd2 35. Red1 Be3+ 36. Ke2 Bd4 37. Kd2 d5 38. Bg4 Rg3 39. Bh3 h6 40.
Rf1 Bh7 41. Bf5 Rxg2+ 42. Kc1 Bxf5 43. Rxf5 Ke6 44. Rf1 Be3+ 45. Kd1 d4 46. a4
Kd5 47. Rh1 d3 48. Ke1 Bd4 49. Kf1 Rf2+ 50. Ke1 Re2+ 51. Kd1 Bxb2 52. Re1 Rxe1+
53. Kxe1 c3 0-1

[Event "Premiere Neige"]
[Site "Montreal CAN"]
[Date "2002.12.06"]
[Round "1"]
[White "Sonkin, Evan"]
[Black "Duong, Thanh Nha"]
[Result "0-1"]
[WhiteElo "1904"]
[BlackElo "2355"]
[PlyCount "94"]
[EventDate "2002.12.06"]
[EventType "swiss"]
[EventRounds "5"]
[EventCountry "CAN"]

1. e4 c6 2. d4 g6 3. Nc3 Bg7 4. f4 d5 5. e5 h5 6. Nf3 Nh6 7. Nh4 Bg4 8. Nf3 e6
9. h3 Bxf3 10. Qxf3 h4 11. b3 Nf5 12. Ne2 c5 13. dxc5 Nc6 14. Bd2 a5 15. c3 Bf8
16. Be3 Nxe3 17. Qxe3 Qb8 18. Nc1 Qa7 19. Nd3 Ne7 20. Qd4 O-O-O 21. Qa4 Nf5 22.
b4 Kb8 23. Qxa5 Qxa5 24. bxa5 Rc8 25. Rb1 Ka7 26. Rb5 Ng3 27. Rg1 Ne4 28. Rb3
Bxc5 29. Nxc5 Rxc5 30. Bd3 Nxc3 31. Kd2 Rhc8 32. Ra3 d4 33. a6 b5 34. Ra5 Kb6
35. Ra3 Ra8 36. Ra1 Ra7 37. Rb3 Rxa6 38. a4 Rxa4 39. Rxa4 Nxa4 40. Rb4 Rd5 41.
Bxb5 Rxb5 42. Rxa4 Kc5 43. Ra7 Rb2+ 44. Kd3 Rb3+ 45. Ke2 Kd5 46. Rxf7 Ke4 47.
Rf6 Rb2+ 0-1

[Event "Premiere Neige"]
[Site "Montreal CAN"]
[Date "2002.12.07"]
[Round "2"]
[White "Duong, Thanh Nha"]
[Black "Prahov, Valentin"]
[Result "1/2-1/2"]
[WhiteElo "2355"]
[BlackElo "2152"]
[PlyCount "83"]
[EventDate "2002.12.06"]
[EventType "swiss"]
[EventRounds "5"]
[EventCountry "CAN"]

1. d4 Nf6 2. c4 g6 3. Nc3 d5 4. cxd5 Nxd5 5. e4 Nxc3 6. bxc3 c5 7. Bc4 Bg7 8.
Ne2 O-O 9. Be3 cxd4 10. cxd4 Nc6 11. Rc1 Qa5+ 12. Kf1 Bg4 13. f3 Bd7 14. h4 Qa3
15. Rc3 Qb2 16. Rc2 Qa3 17. Qd2 Na5 18. Bd3 Rac8 19. Rxc8 Rxc8 20. Kf2 Nc4 21.
Bxc4 Rxc4 22. Rb1 b5 23. h5 Qd6 24. hxg6 hxg6 25. Rh1 Qb4 26. Qxb4 Rxb4 27. Rc1
Rc4 28. Rxc4 bxc4 29. Bd2 f5 30. e5 e6 31. Bb4 Bc6 32. g3 Bh6 33. f4 g5 34. Ke3
Kf7 35. a3 Kg6 36. Kf2 Kh5 37. Bd2 gxf4 38. Bxf4 Bf8 39. Bc1 Kg4 40. Nc3 Be7
41. Nd1 Bg5 42. Ne3+ 1/2-1/2

[Event "Autumn Knights"]
[Site "Montreal CAN"]
[Date "2002.10.16"]
[Round "1"]
[White "Duong, Thanh Nha"]
[Black "Khassanov, Marat"]
[Result "1-0"]
[WhiteElo "2294"]
[BlackElo "2366"]
[PlyCount "79"]
[EventDate "2002.10.16"]
[EventType "tourn"]
[EventRounds "9"]
[EventCountry "CAN"]

1. d4 Nf6 2. Nf3 e6 3. g3 d5 4. Bg2 Be7 5. O-O O-O 6. c4 dxc4 7. Qc2 a6 8. a4
Bd7 9. Qxc4 Bc6 10. Bg5 b5 11. Qc1 Qc8 12. Nbd2 Bb7 13. Nb3 Nc6 14. Nc5 Bxc5
15. Bxf6 Be7 16. Bxe7 Nxe7 17. Qc5 Nf5 18. Rfc1 Bd5 19. Ne5 Bxg2 20. Kxg2 Qb7+
21. Qc6 Rfb8 22. e3 bxa4 23. Rc2 h5 24. Rxa4 a5 25. Kf3 Qb3 26. Ke2 Ra6 27.
Qxc7 Nd6 28. Rac4 Rc8 29. Qxc8+ Nxc8 30. Rxc8+ Kh7 31. Nxf7 Ra8 32. R8c5 Ra6
33. h4 a4 34. Rc8 Ra8 35. R8c6 Ra6 36. Ng5+ Kh6 37. Rxa6 Qxc2+ 38. Kf3 Qxb2 39.
Rxe6+ g6 40. Re7 1-0

[Event "Autumn Knights"]
[Site "Montreal CAN"]
[Date "2002.10.23"]
[Round "2"]
[White "Kleinplatz, Sam"]
[Black "Duong, Thanh Nha"]
[Result "0-1"]
[WhiteElo "2316"]
[BlackElo "2294"]
[PlyCount "82"]
[EventDate "2002.10.16"]
[EventType "tourn"]
[EventRounds "9"]
[EventCountry "CAN"]

1. d4 d5 2. c4 e6 3. Nc3 Nf6 4. cxd5 exd5 5. Bg5 Nbd7 6. e3 Bb4 7. Bd3 c5 8.
Nf3 Qa5 9. O-O c4 10. Bf5 Bxc3 11. bxc3 O-O 12. Qc2 Re8 13. Rab1 Ne4 14. Rfc1
Nb6 15. Bxc8 Raxc8 16. Rb4 f6 17. Bf4 Re7 18. Qb2 Rd8 19. Ne1 Qa6 20. Qc2 Nc8
21. h3 Qc6 22. Qa4 Qe6 23. Qd1 Ncd6 24. Qg4 f5 25. Qe2 g5 26. Bh2 g4 27. Bf4
gxh3 28. g3 Nf6 29. Nf3 Nde4 30. Ng5 Nxg5 31. Bxg5 Qe4 32. f3 Qe6 33. Bf4 Nh5
34. Be5 Kf7 35. Qh2 Rg8 36. Qxh3 Rxg3+ 37. Bxg3 Qxe3+ 38. Kh2 Qd2+ 39. Bf2
Qxf2+ 40. Qg2 Qh4+ 41. Kg1 Nf4 0-1

[Event "Autumn Knights"]
[Site "Montreal CAN"]
[Date "2002.10.30"]
[Round "3"]
[White "Duong, Thanh Nha"]
[Black "Soudre, Nicolas"]
[Result "1-0"]
[WhiteElo "2294"]
[BlackElo "2143"]
[PlyCount "37"]
[EventDate "2002.10.16"]
[EventType "tourn"]
[EventRounds "9"]
[EventCountry "CAN"]

1. Nf3 e6 2. c4 Nf6 3. g3 d5 4. d4 Be7 5. Bg2 O-O 6. Nbd2 c6 7. O-O Nbd7 8. Qc2
b6 9. e4 dxc4 10. Nxc4 Bb7 11. Re1 c5 12. Bf4 cxd4 13. Nd6 d3 14. Qxd3 Nc5 15.
Qd4 Qd7 16. b4 e5 17. Bxe5 Ne6 18. Qd1 Ng4 19. Nf5 1-0

[Event "Autumn Knights"]
[Site "Montreal CAN"]
[Date "2002.11.06"]
[Round "4"]
[White "Duong, Thanh Nha"]
[Black "Ibrahim, Anthony"]
[Result "1-0"]
[WhiteElo "2294"]
[BlackElo "2162"]
[PlyCount "93"]
[EventDate "2002.10.16"]
[EventType "tourn"]
[EventRounds "9"]
[EventCountry "CAN"]

1. Nf3 Nf6 2. c4 g6 3. d4 Bg7 4. Nc3 O-O 5. e4 d6 6. Bg5 c5 7. d5 a6 8. a4 h6
9. Bf4 Nh5 10. Be3 e5 11. dxe6 Bxe6 12. Qd2 Kh7 13. Rd1 Nd7 14. Qxd6 Qa5 15.
Qd2 Rfd8 16. Nd5 Qxa4 17. Bd3 Bg4 18. O-O Bxf3 19. gxf3 Ne5 20. Qe2 Qb3 21. f4
Nxd3 22. Qxd3 Qxd3 23. Rxd3 Nf6 24. Nxf6+ Bxf6 25. Rb3 Rd7 26. e5 Be7 27. Ra1
Rc8 28. Kg2 Rc6 29. Kf3 Kg7 30. f5 gxf5 31. Kf4 Bg5+ 32. Kxf5 Bxe3 33. Rxe3 Rd2
34. f4 Rxh2 35. Rb3 Rc7 36. Rg1+ Kf8 37. Rb6 Ke7 38. Rg8 h5 39. Rb8 Rg2 40. Rh8
Rg6 41. Rxg6 fxg6+ 42. Kxg6 Rc6+ 43. Kf5 Rb6 44. Rh7+ Ke8 45. e6 Rxb2 46. Kf6
b5 47. Rxh5 1-0

[Event "Autumn Knights"]
[Site "Montreal CAN"]
[Date "2002.11.13"]
[Round "5"]
[White "Tomb, Maroun"]
[Black "Duong, Thanh Nha"]
[Result "0-1"]
[WhiteElo "2210"]
[BlackElo "2294"]
[PlyCount "58"]
[EventDate "2002.10.16"]
[EventType "tourn"]
[EventRounds "9"]
[EventCountry "CAN"]

1. e4 c6 2. Nf3 g6 3. c3 Bg7 4. Be2 d5 5. e5 c5 6. d4 Nc6 7. O-O Nh6 8. a3 cxd4
9. cxd4 Bg4 10. b4 e6 11. Nbd2 Nf5 12. h3 Bxf3 13. Nxf3 O-O 14. b5 Na5 15. Bd2
Nc4 16. Bb4 Re8 17. Qb3 Rc8 18. Rfc1 Bh6 19. Rd1 Nh4 20. Nh2 Bg5 21. g3 Nf5 22.
f4 Bh6 23. Nf1 g5 24. fxg5 Qxg5 25. Kh2 Kh8 26. Rd3 Rg8 27. Re1 Nce3 28. Bd2
Nxg3 29. Bg4 Nexf1+ 0-1

[Event "Autumn Knights"]
[Site "Montreal CAN"]
[Date "2002.11.20"]
[Round "6"]
[White "Duong, Thanh Nha"]
[Black "Chabot, Roland"]
[Result "0-1"]
[WhiteElo "2294"]
[BlackElo "2222"]
[PlyCount "77"]
[EventDate "2002.10.16"]
[EventType "tourn"]
[EventRounds "9"]
[EventCountry "CAN"]

1. c4 e5 2. Nc3 d6 3. g3 f5 4. Bg2 Nf6 5. d3 Be7 6. Nf3 O-O 7. O-O Nc6 8. Rb1
Qe8 9. b4 Bd7 10. e3 Qh5 11. b5 Nd8 12. Nd2 Qh6 13. f4 Kh8 14. Qe2 c6 15. Ba3
exf4 16. gxf4 Re8 17. Rf3 Ne6 18. Rh3 Qg6 19. Nf3 Bf8 20. Qd2 Ng4 21. Rg3 Qf6
22. Bb2 Qe7 23. e4 fxe4 24. dxe4 Nc5 25. Re1 Rad8 26. h3 Nf6 27. e5 dxe5 28.
fxe5 Nh5 29. Rg5 Bxh3 30. Qc2 Nf4 31. Bf1 Bxf1 32. Kxf1 Ncd3 33. Re4 Qf7 34.
Rg4 Ng6 35. Kg2 Ngxe5 36. Nxe5 Rxe5 37. Rxe5 Nxe5 38. Rg3 Nd3 39. Qe2 0-1

[Event "Autumn Knights"]
[Site "Montreal CAN"]
[Date "2002.12.11"]
[Round "9"]
[White "Bolduc, Steve"]
[Black "Duong, Thanh Nha"]
[Result "1/2-1/2"]
[WhiteElo "2212"]
[BlackElo "2294"]
[PlyCount "113"]
[EventDate "2002.10.16"]
[EventType "tourn"]
[EventRounds "9"]
[EventCountry "CAN"]

1. f4 d5 2. Nf3 g6 3. e3 Bg7 4. Be2 Nf6 5. O-O O-O 6. d4 b6 7. c3 c5 8. Bd2 Ba6
9. Bxa6 Nxa6 10. Qe2 Nc7 11. Be1 Nce8 12. Bh4 Nd6 13. Nbd2 Qc7 14. h3 e6 15.
Bxf6 Bxf6 16. g4 Bg7 17. h4 Rfe8 18. Qh2 b5 19. h5 b4 20. Rac1 Qb6 21. Kg2 bxc3
22. bxc3 cxd4 23. cxd4 Qb2 24. hxg6 hxg6 25. f5 exf5 26. Qxd6 fxg4 27. Kh1 gxf3
28. Nxf3 Rad8 29. Qc7 Qb8 30. Ne5 Qxc7 31. Rxc7 Bxe5 32. dxe5 Rf8 33. Rf6 Rde8
34. e6 Rxe6 35. Rxe6 fxe6 36. Rxa7 Rf3 37. Ra3 Kg7 38. Kg2 Rf7 39. Ra8 Kf6 40.
a4 Ke5 41. a5 Ke4 42. a6 e5 43. Re8 g5 44. Kg3 Ra7 45. Re6 Rg7 46. Kg4 d4 47.
exd4 Kxd4 48. Rb6 Ra7 49. Rd6+ Ke3 50. Kxg5 e4 51. Kf5 Kf3 52. Ke5 e3 53. Kd4
Re7 54. Rf6+ Ke2 55. Kc5 Kd2 56. Rh6 Rf7 57. Rd6+ 1/2-1/2

[Event "CAN/QC op"]
[Site "Montreal CAN"]
[Date "2002.07.14"]
[Round "2"]
[White "Patterson, Roger"]
[Black "Duong, Thanh Nha"]
[Result "0-1"]
[WhiteElo "2246"]
[BlackElo "2360"]
[PlyCount "80"]
[EventDate "2002.07.13"]
[EventType "swiss"]
[EventRounds "9"]
[EventCountry "CAN"]

1. e4 c6 2. d4 g6 3. Nc3 Bg7 4. Nf3 d5 5. Be2 Nh6 6. O-O f6 7. b3 Nf7 8. Bb2
O-O 9. Re1 b6 10. Rc1 Bb7 11. Bf1 Re8 12. exd5 cxd5 13. Na4 e5 14. c4 e4 15.
Nd2 f5 16. cxd5 Bxd5 17. Qc2 Nc6 18. Bb5 Re6 19. Red1 Bh6 20. Bc4 Nb4 21. Qb1
e3 22. fxe3 Bxe3+ 23. Kh1 Ng5 24. Nc3 Nh3 25. Nxd5 Nf2+ 26. Kg1 Nxd5 27. Re1
Ng4+ 28. Kh1 b5 29. Bxd5 Qxd5 30. Rc5 Bxd2 31. Rxd5 Rxe1+ 32. Qxe1 Bxe1 33.
Rxb5 Bf2 34. h3 Nf6 35. d5 Ne4 36. Rb7 Rd8 37. g4 Rxd5 38. gxf5 gxf5 39. Rg7+
Kf8 40. Rxh7 Bc5 0-1

[Event "CAN/QC op"]
[Site "Montreal CAN"]
[Date "2002.07.14"]
[Round "3"]
[White "Duong, Thanh Nha"]
[Black "Chokshi, Manthan"]
[Result "1-0"]
[WhiteElo "2360"]
[BlackElo "2231"]
[PlyCount "136"]
[EventDate "2002.07.13"]
[EventType "swiss"]
[EventRounds "9"]
[EventCountry "CAN"]

1. c4 Nf6 2. Nc3 g6 3. g3 Bg7 4. Bg2 d6 5. e4 e5 6. Nge2 O-O 7. O-O Nc6 8. d3
Nh5 9. Be3 f5 10. exf5 Bxf5 11. h3 Nf6 12. Qd2 Qd7 13. g4 Be6 14. Nd5 Rae8 15.
Nec3 Nd4 16. Nxf6+ Bxf6 17. Ne4 Bg7 18. Ng5 c6 19. Bxd4 exd4 20. Nxe6 Rxe6 21.
Rae1 Rxe1 22. Qxe1 Be5 23. b4 Qf7 24. Qe4 Re8 25. Qf3 Qxf3 26. Bxf3 Re7 27. a4
Bf4 28. Rd1 c5 29. b5 b6 30. Kg2 g5 31. Be4 Kf8 32. Kf3 Rf7 33. Bf5 Re7 34. h4
h6 35. Be4 Rf7 36. Bf5 Re7 37. hxg5 hxg5 38. Rh1 Kg7 39. Rh7+ Kf6 40. Rh8 Kg7
41. Ra8 Bd2 42. Rd8 Bf4 43. Be4 Be5 44. Bd5 Bf4 45. Rg8+ Kh7 46. Rb8 Kg7 47.
Rd8 Kh7 48. Be4+ Kg7 49. Ke2 Kf7 50. Rh8 Kg7 51. Rh1 Kf8 52. Kd1 Kg7 53. Kc2
Kf6 54. Bf3 Kg7 55. a5 bxa5 56. Ra1 Rc7 57. Rxa5 Be5 58. Bd5 Bf6 59. Ra6 Be7
60. Ra1 Bd8 61. Ra6 Be7 62. Kd2 Kf6 63. Ke2 Ke5 64. Kf3 Bd8 65. Ra1 Kf6 66. Rh1
Kg7 67. Rh3 Bf6 68. Ke4 Be5 1-0